000 01027pam a22003017a 4500
001 14376748
003 ARRUPE
005 20211008111746.0
008 060515s2005 at ac bc 000 0deng c
010 _a 2006404180
020 _a1921034033 (pbk.)
037 _bMCA Store, Level 1, 140 George St, Sydney NSW 2000
040 _aANL
_beng
_cDLC
_dANL
_dDLC
042 _apcc
043 _au-at---
050 0 0 _aN7400.2
_b.I57 2005
082 0 4 _a709.940749441
_222
100 _aHobsbawm, Eric
_950381
245 0 0 _aInteresting times :
_ba twentieth-century life /
_cEric Hobsbawm
260 _aLondon :
_bAbacus,
_c2002.
300 _axiv, 447 p. :
_c20 cm.
504 _aIncludes bibliographical references.
700 1 _aStorer, Russell.
_950382
710 2 _aMuseum of Contemporary Art (Sydney, N.S.W.)
_950383
906 _a7
_bcbc
_cpccadap
_d3
_encip
_f20
_gy-gencatlg
942 _2lcc
_cMONOGRAPH
999 _c130740
_d130740